| 000 | 00517nam a2200205Ia 4500 | ||
|---|---|---|---|
| 005 | 20250425161225.0 | ||
| 008 | 250425s9999 xx 000 0 und d | ||
| 020 | _a0205082726 | ||
| 041 | _aeng | ||
| 082 | _a001.6424 | ||
| 100 | _aJONES, RICHARD M. | ||
| 245 | 0 | _aINSTRUCTOR'S GUIDE TO ACCOMPANY STRUCTURED BASIC | |
| 250 | _aS.E. | ||
| 260 | _aBOSTON | ||
| 260 |
_aEstados Unidos _bALLYN AND BACON _c1985 |
||
| 300 | _a97 | ||
| 650 | _aBASIC (LENGUAJE DE PROGRAMACION) | ||
| 942 | _c01 | ||
| 010 | _a15542 | ||
| 999 |
_c204919 _d204919 |
||